| 000 | 00932nam a2200241 i 4500 | ||
|---|---|---|---|
| 001 | 173346 | ||
| 003 | ES-MaACL | ||
| 005 | 20240823133049.0 | ||
| 008 | 091126s1958 xxk |||| | eng d | ||
| 080 | _a1 | ||
| 100 | 1 |
_aWittgenstein, Ludwig. _9117183 |
|
| 245 | 1 | 0 |
_aTractatus logico-philosophicus / _cby Ludwig Wittgenstein ; with an introduction by Bertrand Russell. |
| 250 | _a7th imp. | ||
| 260 |
_aLondon : _bRoutledge & Kegan Paul, _c1958. |
||
| 300 |
_a207 p. : _bgráf. ; _c22 cm. |
||
| 490 | 1 | _aInternational library of psychology philosophy and scientific method | |
| 500 | _aÍndice. | ||
| 595 | _a1st published in this Series: 1922. | ||
| 700 | 1 |
_aRussell, Bertrand, _d1872-1970 _9101033 |
|
| 830 | 0 |
_aInternational library of psychology philosophy and scientific method _9223512 |
|
| 852 |
_aES-MaACL _jE-13214 . - _z. - Biblioteca Jacinto Martínez Lacalle |
||
| 999 |
_c173346 _d173346 |
||